1523 1103 1088 1325 1761 1350 1971 1191 1561 1835 1457 1924 1142 1617 1075 1905 1914 1928 1993 1535 1704 1931 1147 1481 1588 1298 1780 1484 1683 1005 1018 1356 1919 1935 1536 1665 1353 1914 1718 1209 1710 1350 1729 1410 1936 1169 1326 1887 1810 1155 1289 1585 1416 1142 1893 1439 1858 1091 1623 1998 1917 1512 1693 1488 1219 1848 1464 1150 1931 1013 1644 1424 1241 1088 1016 1423 1253 1176 1333 1447 1308 1060 1727 1652 1503 1479 1117 1649 1419 1223 1824 1368 1581 1022 1209 1467 1764 1289 1738 BCNSPRNW ULIB Ver.6.0+V

เปลี่ยนเป็นภาษาไทย

Change to English
 แสดงรายละเอียดบรรณานุกรม
  กลับหน้าหลัก

Brief Record : Get Marc (ISO 2709) : E-mail record : QR code < ปิดหน้าต่าง
LEADER : 00000nam 2200000uu 4500
001    13399113918
003     ULIB
008    120113s2553||||th 000 0 tha d
020    ^a9786165000864
090    ^aนว.^bก832อ
100 0  ^aเก้าแต้ม
245 00 ^aอ้อนรัก/^cเก้าแต้ม
250    ^aพิมพ์ครั้งที่ 1
260    ^aกรุงเทพฯ :^bพิมพ์คำ,^c2553
300    ^a402 หน้า
945    ^p250^l0^i18648
995    ^aกัณชพร
999    ^aใช้งานได้ทุกระบบ
รายการนี้ยังไม่มีแท็ก
คุณยังไม่ได้ล็อกอิน คุณสามารถมีกิจกรรมร่วมกับเว็บไซต์ได้ แต่ต้องล็อกอินก่อน ::
  ล็อกอิน

รายการสื่อสารสนเทศ

ลำดับที่ ประเภท เลขเรียก/บาร์โค้ด สถานที่ สถานะ
1. วิทยาศาสตร์การแพทย์ และสุขภาพ
วิทยาศาสตร์การแพทย์ และสุขภาพ
นว. ก832อ  
  Barcode: 18648
ห้องสมุดวิทยาเขตสวรรค์ประชารักษ์
►นวนิยาย
บนชั้น
  ขอยืม

รายการใกล้เคียง
    ผู้แต่ง [เก้าแต้ม]

BibComment


ยังไม่เคยถูกคอมเมนท์

คอมเมนท์ทรัพยากรรายการนี้
  คอมเมนท์: อ้อนรัก เก้าแต้ม


 Copyright 2026. Bcnsprnw @Library